Femmes artistes - Statistiques

Statistiques générales
  • Ce quiz a été pris 28 fois
  • Le résultat moyen est 7 sur 30
Statistiques - réponses
Hint Réponse % Correct
Niki de Saint Phalle
78%
Camille Claudel
72%
Elisabeth Vigée-Lebrun
56%
Berthe Morisot
44%
Sonia Delaunay
44%
Suzane Valadon
44%
Frida Kahlo
39%
Marie Laurencin
33%
Artemisia Gentileschi
28%
Georgia O' Keefe
28%
Yayoi Kusama
28%
Annie Leibovitz
22%
Dorothea Lange
22%
Louise Bourgeois
22%
Marina Abramovic
22%
Bettina Rheims
17%
Lee Miller
17%
Cindy Sherman
11%
Lois Fuller
11%
Mary Cassatt
11%
Rosa Bonheur
11%
Tamara de Lempicka
11%
Gabrielle Münter
6%
Germaine Richier
6%
Marjane Satrapi
6%
Nan Goldin
6%
Vivian Maier
6%
Catherine Meurisse
0%
Joan Mitchell
0%
Viera Da Silva
0%
Aucun quiz correspondant
Distribution des résultats
% des personnes avec chaque résultat
Percentile par nombre de réponses
Votre historique - résultats
Vous n’avez pas pris ce quiz